00206nam a2200085 a 450000500170000000800410001705000170005810000170007524500280009220140414132034.0110322s19uu xx 00 eng d aTRbW56 1978 aRex, Michael aWhere can bunny paint?.